| 000 | 00753nam a22002417a 4500 | ||
|---|---|---|---|
| 999 |
_c6279 _d6279 |
||
| 003 | AR-CdUCM | ||
| 008 | 190314b ||||| |||| 00| 0 spa d | ||
| 020 | _a950-05-0280 | ||
| 040 |
_aMUNICIPALIDAD PROVINCIAL DEL CUSCO _cBIBLIOTECA MUNICIPAL DEL CUSCO |
||
| 082 |
_a811 / _bST79 |
||
| 100 |
_aStevens, Wallace _918030 |
||
| 245 | _aPoemas / | ||
| 260 |
_aBuenos Aires : _bEdiciones Corregidor ; _c1980. |
||
| 300 |
_a171 páginas ; _c20cm |
||
| 505 | _aContenido: Poemas | ||
| 650 |
_aLiteratura estadounidense _99582 |
||
| 650 |
_aPoesía estadounidense _918031 |
||
| 700 |
_aWillimas, William Carlos _918032 |
||
| 700 |
_aLowell, Robert _918033 |
||
| 700 |
_aGirri, Alberto (versión y notas) _918034 |
||
| 942 |
_2ddc _cLIBROS |
||
| 945 | _anom | ||